[Event "BCF-chT2 1819 (4NCL) Demotion"]
[Site "England"]
[Date "2019.05.04"]
[Round "9.66"]
[White "Camp, Imogen AL"]
[Black "Galloway, Iain"]
[Result "0-1"]
[WhiteElo "1990"]
[BlackElo "2087"]
[PlyCount "78"]
[EventDate "2018.11.10"]
[EventType "team-tourn"]
[EventRounds "11"]
[EventCountry "ENG"]
[SourceTitle "EXT 2021"]
[Source "ChessBase"]
[SourceDate "2020.10.23"]
[SourceVersion "1"]
[SourceVersionDate "2020.10.23"]
[SourceQuality "1"]
[WhiteTeam "West is Best II"]
[BlackTeam "Warwicks Select"]
[WhiteTeamCountry "ENG"]
[BlackTeamCountry "ENG"]

1. d4 d5 2. c4 e6 3. Nc3 Nf6 4. Bg5 Be7 5. e3 h6 6. Bh4 0-0 7. Nf3 Ne4 8. Bxe7 Qxe7 9. Bd3 Nxc3 10. bxc3 dxc4 11. Bxc4 b6 12. 0-0 Bb7 13. Ne5 Qg5 14. Qg4 Qxg4 15. Nxg4 Nd7 16. f3 c5 17. Rfd1 h5 18. Nf2 Rac8 19. Rac1 Nf6 20. e4 Rfd8 21. e5 cxd4 22. cxd4 Nd5 23. Ne4 Ne3 24. Nd6 Nxd1 25. Rxd1 Rc7 26. a4 Kf8 27. Bb5 Bd5 28. Ra1 a5 29. Rb1 Rc3 30. Kf2 h4 31. Rb2 h3 32. Bf1 hxg2 33. Bxg2 Bb3 34. Kg3 Bxa4 35. Rxb6 Bc6 36. Ra6 Ra8 37. Rxa8+ Bxa8 38. Nb5 Rb3 39. Nc7 Bd5 0-1

[Event "BCF-chT2a 1819 (4NCL)"]
[Site "England"]
[Date "2019.03.16"]
[Round "7.46"]
[White "Niedbal, Piotr"]
[Black "Galloway, Iain"]
[Result "0-1"]
[WhiteElo "2020"]
[BlackElo "2087"]
[PlyCount "80"]
[EventDate "2018.11.10"]
[EventType "team-tourn"]
[EventRounds "11"]
[EventCountry "ENG"]
[SourceTitle "EXT 2021"]
[Source "ChessBase"]
[SourceDate "2020.10.23"]
[SourceVersion "1"]
[SourceVersionDate "2020.10.23"]
[SourceQuality "1"]
[WhiteTeam "Manchester Manticores"]
[BlackTeam "Warwicks Select"]
[WhiteTeamCountry "ENG"]
[BlackTeamCountry "ENG"]

1. e4 c5 2. Nf3 d6 3. d4 cxd4 4. Nxd4 Nf6 5. Nc3 g6 6. Be3 Bg7 7. f3 0-0 8. Qd2 Nc6 9. 0-0-0 d5 10. Nxc6 bxc6 11. exd5 Nxd5 12. Nxd5 cxd5 13. Qxd5 Qc7 14. Qc5 Qb7 15. b3 Bf5 16. Qb5 Qc7 17. Qc5 Qxc5 18. Bxc5 Rfc8 19. b4 a5 20. g4 Bxc2 21. Kxc2 axb4 22. Kb3 Rxc5 23. Kxb4 Rc3 24. Rd3 Rb8+ 25. Ka4 Rc4+ 26. Ka5 Bc3+ 27. Rxc3 Rxc3 28. a4 Rc1 29. Bg2 Rc5+ 30. Ka6 Ra8+ 31. Kb6 Rca5 32. Re1 R8a6+ 33. Kc7 Rxa4 34. Bf1 Ra1 35. Rxa1 Rxa1 36. Bd3 Rh1 37. Be4 Rxh2 38. Kd7 e6 39. Ke7 Kg7 40. f4 Rf2 0-1

[Event "BCF-chT3 0809 (4NCL)"]
[Site "Hinckley Island"]
[Date "2008.12.07"]
[Round "4.1"]
[White "Galloway, Iain"]
[Black "Chapman, Graham"]
[Result "1-0"]
[WhiteElo "2139"]
[BlackElo "2080"]
[PlyCount "87"]
[EventDate "2008.10.18"]
[EventType "team-swiss"]
[EventRounds "11"]
[EventCountry "ENG"]
[SourceTitle "EXT 2010"]
[Source "ChessBase"]
[SourceDate "2010.11.25"]
[SourceVersion "1"]
[SourceVersionDate "2010.11.25"]
[SourceQuality "1"]
[WhiteTeam "Warwicks Select II"]
[BlackTeam "Oxford II"]
[WhiteTeamCountry "ENG"]
[BlackTeamCountry "ENG"]

1. e4 e6 2. d4 d5 3. Nc3 dxe4 4. Nxe4 Nd7 5. Nf3 Ngf6 6. Ng3 b6 7. Bd3 Bb7 8. 0-0 Be7 9. Re1 0-0 10. Qe2 Re8 11. Ne5 Nf8 12. c3 Rc8 13. Bg5 Nd5 14. Bd2 Bg5 15. Be4 Bxd2 16. Qxd2 c6 17. Rad1 Qe7 18. Bb1 Ng6 19. Nxg6 hxg6 20. Re5 Rcd8 21. c4 Nf6 22. Qe2 Qc7 23. h4 c5 24. h5 Rxd4 25. Rxd4 cxd4 26. hxg6 Qc6 27. gxf7+ Kxf7 28. f3 Qd6 29. Rg5 Qf4 30. Bg6+ Kf8 31. Qe5 Qxe5 32. Rxe5 Re7 33. Ne2 Rd7 34. Nf4 Kg8 35. Rxe6 Ba6 36. b3 Bb7 37. Kf2 Kf8 38. Ke2 Re7 39. Rxe7 Kxe7 40. Kd3 Kd7 41. Kxd4 a5 42. Nh5 Nxh5 43. Bxh5 Bc6 44. Bf7 1-0

[Event "BCF-chT3 0708 (4NCL)"]
[Site "Sunningdale"]
[Date "2008.05.05"]
[Round "11.7"]
[White "Purton, Benjamin"]
[Black "Galloway, Iain"]
[Result "1/2-1/2"]
[WhiteElo "2105"]
[BlackElo "2139"]
[PlyCount "63"]
[EventDate "2007.09.15"]
[EventType "team-tourn"]
[EventRounds "11"]
[EventCountry "ENG"]
[SourceTitle "EXT 2023"]
[Source "ChessBase"]
[SourceDate "2022.10.05"]
[SourceVersion "1"]
[SourceVersionDate "2022.10.05"]
[SourceQuality "1"]
[WhiteTeam "Slough Sharks II"]
[BlackTeam "Warwicks Select"]
[WhiteTeamCountry "ENG"]
[BlackTeamCountry "ENG"]

1. e4 c5 2. Nf3 d6 3. Bb5+ Bd7 4. Bxd7+ Qxd7 5. c4 g6 6. 0-0 Bg7 7. d4 cxd4 8. Nxd4 Nc6 9. Be3 Nf6 10. f3 0-0 11. Nc3 Ne8 12. Qd2 Nc7 13. Rfd1 Ne6 14. Nxe6 Qxe6 15. Nd5 Rac8 16. Rac1 Rfe8 17. a4 f5 18. exf5 Qxf5 19. b3 b6 20. b4 e6 21. Nf4 Ne5 22. Qxd6 Nxc4 23. Qd7 e5 24. Qd5+ Qf7 25. Qxf7+ Kxf7 26. Rd7+ Re7 27. Rxe7+ Kxe7 28. Nh3 Nd6 29. Rxc8 Nxc8 30. Ng5 h6 31. Ne4 Ke6 32. Nc3 1/2-1/2

[Event "BCF-chT3 0708 (4NCL)"]
[Site "Sunningdale"]
[Date "2008.05.03"]
[Round "9.6"]
[White "Galloway, Iain"]
[Black "Brown, Alan M"]
[Result "1/2-1/2"]
[WhiteElo "2139"]
[BlackElo "2129"]
[PlyCount "143"]
[EventDate "2007.09.15"]
[EventType "team-tourn"]
[EventRounds "11"]
[EventCountry "ENG"]
[SourceTitle "EXT 2023"]
[Source "ChessBase"]
[SourceDate "2022.10.05"]
[SourceVersion "1"]
[SourceVersionDate "2022.10.05"]
[SourceQuality "1"]
[WhiteTeam "Warwicks Select"]
[BlackTeam "SW Dragons II"]
[WhiteTeamCountry "ENG"]
[BlackTeamCountry "ENG"]

1. e4 e6 2. d4 d5 3. Nc3 Bb4 4. e5 b6 5. Bd2 Ba6 6. Nb5 Bf8 7. Be2 c6 8. Nc3 Bxe2 9. Qxe2 Ne7 10. f4 Nf5 11. Nf3 c5 12. dxc5 bxc5 13. 0-0 Nc6 14. Na4 Nfd4 15. Qa6 Qc8 16. Qxc8+ Rxc8 17. Nxd4 Nxd4 18. c3 Nc6 19. Rae1 g6 20. g4 h5 21. f5 gxf5 22. gxf5 Ne7 23. f6 Nf5 24. Kf2 Nh4 25. b3 Rg8 26. Rg1 Rxg1 27. Rxg1 Ng6 28. Re1 c4 29. Nb2 Bc5+ 30. Kf3 cxb3 31. axb3 Bb6 32. Nd3 Kd7 33. Ra1 Nh4+ 34. Ke2 Rg8 35. Be3 Rg2+ 36. Nf2 Kc7 37. Bxb6+ Kxb6 38. Ra4 Ng6 39. Rb4+ Kc7 40. Ra4 Kb7 41. Rb4+ Ka8 42. Kf3 Rg5 43. Nd3 Nxe5+ 44. Nxe5 Rxe5 45. Kg3 Rg5+ 46. Kf3 Rg6 47. Rf4 Kb7 48. Ke3 a5 49. Kd3 Kb6 50. Rh4 Rg5 51. Rf4 Kc6 52. Ra4 Kb6 53. Rf4 Kb5 54. Rh4 e5 55. Rh3 Kc5 56. Rh4 e4+ 57. Ke3 Rf5 58. b4+ axb4 59. cxb4+ Kxb4 60. Kd4 Kb5 61. Rh3 Kc6 62. Ra3 Kb7 63. Rb3+ Kc7 64. Ra3 Rxf6 65. Kxd5 Rf3 66. Ra7+ Kb6 67. Kxe4 Rf2 68. Ra3 Rxh2 69. Rf3 Re2+ 70. Kf5 Rd2 71. Kf6 Rd7 72. Rh3 1/2-1/2

[Event "BCF-chT3 0708 (4NCL)"]
[Site "Sunningdale"]
[Date "2008.01.13"]
[Round "6.3"]
[White "Galloway, Iain"]
[Black "Redmond, John P"]
[Result "1/2-1/2"]
[WhiteElo "2225"]
[BlackElo "2210"]
[PlyCount "57"]
[EventDate "2007.09.15"]
[EventType "team-tourn"]
[EventRounds "11"]
[EventCountry "ENG"]
[SourceTitle "EXT 2023"]
[Source "ChessBase"]
[SourceDate "2022.10.05"]
[SourceVersion "1"]
[SourceVersionDate "2022.10.05"]
[SourceQuality "1"]
[WhiteTeam "Warwicks Select"]
[BlackTeam "NW Eagles"]
[WhiteTeamCountry "ENG"]
[BlackTeamCountry "ENG"]

1. e4 e6 2. d4 d5 3. Nc3 Nc6 4. Nf3 Nf6 5. e5 Ne4 6. Bd3 Bb4 7. Bd2 Nxd2 8. Qxd2 f6 9. a3 Be7 10. Ne2 fxe5 11. Nxe5 Nxe5 12. dxe5 0-0 13. c3 Bc5 14. 0-0 Qh4 15. Nd4 Bd7 16. f4 Bb6 17. b4 Rf7 18. Rf3 g6 19. Raf1 Raf8 20. Kh1 c5 21. bxc5 Bxc5 22. Qb2 Bb6 23. Qb4 Qe7 24. Qxe7 Rxe7 25. g4 Ref7 26. Bc2 Rc8 27. Bb3 Bxd4 28. cxd4 Bb5 29. R1f2 1/2-1/2

[Event "BCF-chT2 0203 (4NCL)"]
[Site "West Bromwich"]
[Date "2003.05.03"]
[Round "9.6"]
[White "Stevenson, James"]
[Black "Galloway, Iain"]
[Result "1/2-1/2"]
[WhiteElo "2124"]
[BlackElo "2118"]
[PlyCount "58"]
[EventDate "2002.11.??"]
[EventType "team"]
[EventRounds "11"]
[EventCountry "ENG"]
[SourceTitle "EXT 2004"]
[Source "ChessBase"]
[SourceDate "2003.11.25"]
[SourceVersion "1"]
[SourceVersionDate "2003.11.25"]
[SourceQuality "1"]
[WhiteTeam "Athenaeum"]
[BlackTeam "Barbican III"]
[WhiteTeamCountry "ENG"]
[BlackTeamCountry "ENG"]

1. e4 c5 2. Nf3 d6 3. d4 cxd4 4. Nxd4 Nf6 5. Nc3 g6 6. g3 Bg7 7. Bg2 0-0 8. 0-0 Bg4 9. Nde2 Nc6 10. h3 Bd7 11. Nf4 Rc8 12. Nfd5 Nxd5 13. Nxd5 Re8 14. c3 Na5 15. Qd3 Nc4 16. a4 b5 17. axb5 Bxb5 18. Qc2 a5 19. Rd1 e6 20. Ne3 Qb6 21. Nxc4 Bxc4 22. Be3 Qc7 23. Qa4 Rb8 24. Qxa5 Qxa5 25. Rxa5 Rxb2 26. Rxd6 Bxc3 27. Ra7 Be5 28. Rdd7 Bb8 29. Rab7 Rxb7 1/2-1/2

[Event "BCF-chT2 9899 (4NCL)"]
[Site "England"]
[Date "1998.10.24"]
[Round "1.7"]
[White "Richmond, Peter A"]
[Black "Galloway, Iain"]
[Result "1/2-1/2"]
[WhiteElo "2190"]
[BlackElo "2112"]
[PlyCount "92"]
[EventDate "1998.10.??"]
[EventType "team"]
[EventRounds "11"]
[EventCountry "ENG"]
[SourceTitle "EXT 2000"]
[Source "ChessBase"]
[SourceDate "1999.11.16"]
[SourceVersion "1"]
[SourceVersionDate "1999.11.16"]
[SourceQuality "1"]
[WhiteTeam "SW Dragons"]
[BlackTeam "BIG II"]
[WhiteTeamCountry "ENG"]
[BlackTeamCountry "ENG"]

1. e4 c5 2. Nf3 d6 3. d4 cxd4 4. Nxd4 Nf6 5. Nc3 g6 6. Bc4 Bg7 7. h3 0-0 8. 0-0 Nc6 9. Nb3 Bd7 10. Re1 Rc8 11. Bf1 Ne5 12. Qd4 Bxh3 13. Qxa7 Qd7 14. Bf4 Nc6 15. Qe3 Be6 16. Rad1 Bxb3 17. cxb3 e5 18. Bg5 Nd4 19. Bxf6 Bxf6 20. Qg3 Bg7 21. Bc4 Kh8 22. a4 f5 23. Qh3 Qd8 24. Nb5 Nxb5 25. Bxb5 fxe4 26. Bc4 Qf6 27. Qg3 Bh6 28. Rxe4 Bf4 29. Qf3 Qg5 30. g3 Rf6 31. Qg2 Bc1 32. Re2 Rcf8 33. Rf1 Qh6 34. Qxb7 Bf4 35. gxf4 Rxf4 36. Qg2 R8f5 37. Re3 e4 38. Rg3 d5 39. Be2 d4 40. Rg4 d3 41. Bd1 e3 42. Rxf4 Qxf4 43. fxe3 Qxe3+ 44. Kh2 Qh6+ 45. Kg3 Qe3+ 46. Kh2 Qh6+ 1/2-1/2